00479nam a2200145Ia 4500008004100000041000800041082001600049100002400065245004800089260003800137300000800175650002200183999001900205952010900224210716s1961 xx 000 0 und d aeng a374.22 OPPF aOppenheim, Felix E. aDimensions of freedom: analysis.bAnalysis. aNew YorkbSt. martins pressc1961 a242 aGeneral Knowledge c201327d201327 001040708MBAaAIMITbAIMITd2006-07-13l0o374.22 OPPFpMBA03893r2026-05-23 00:00:00w2021-07-16yBK